Rã của Higgs Boson trong mô hình 331 : Luận văn Thạc sĩ chuyên ngành: Vật lý lý thuyết và vật lý toán
Đề tài trình bày các mô hình 3-3-1 và vật lý Higgs ở LHC, xác định được các quá trình rã Higgs thành fermion trong mô hình chuẩn, mô hình 3-3-1 rút gọn và mô hình 3-3-1 tiết kiệm.
Tallennettuna:
| Päätekijä: | |
|---|---|
| Yhteisötekijä: | |
| Aineistotyyppi: | Kirja |
| Kieli: | Undetermined |
| Julkaistu: |
Cần Thơ
Trường Đại học Cần Thơ
2014
|
| Aiheet: | |
| Tagit: |
Lisää tagi
Ei tageja, Lisää ensimmäinen tagi!
|
| Thư viện lưu trữ: | Trung tâm Học liệu Trường Đại học Cần Thơ |
|---|
| LEADER | 01079nam a2200229Ia 4500 | ||
|---|---|---|---|
| 001 | CTU_193341 | ||
| 008 | 210402s9999 xx 000 0 und d | ||
| 082 | |a 539.72 | ||
| 082 | |b Nh513 | ||
| 088 | |a 604401 | ||
| 100 | |a Phạm, Thị Hồng Nhung | ||
| 110 | |a . | ||
| 245 | 0 | |a Rã của Higgs Boson trong mô hình 331 : | |
| 245 | 0 | |b Luận văn Thạc sĩ chuyên ngành: Vật lý lý thuyết và vật lý toán | |
| 245 | 0 | |c Phạm Thị Hồng Nhung ; Hoàng Ngọc Long (Cán bộ hướng dẫn) | |
| 260 | |a Cần Thơ | ||
| 260 | |b Trường Đại học Cần Thơ | ||
| 260 | |c 2014 | ||
| 520 | |a Đề tài trình bày các mô hình 3-3-1 và vật lý Higgs ở LHC, xác định được các quá trình rã Higgs thành fermion trong mô hình chuẩn, mô hình 3-3-1 rút gọn và mô hình 3-3-1 tiết kiệm. | ||
| 650 | |a Particles (Nuclear physics),Hạt (Vật lý hạt nhân) | ||
| 904 | |i Hải | ||
| 980 | |a Trung tâm Học liệu Trường Đại học Cần Thơ | ||